000257414 001__ 257414 000257414 005__ 20260426040121.0 000257414 0247_ $$aG:(GEPRIS)585726918$$d585726918 000257414 035__ $$aG:(GEPRIS)585726918 000257414 040__ $$aGEPRIS$$chttp://gepris.its.kfa-juelich.de 000257414 150__ $$aTherapieverbesserung beim Multiplen Myelom durch metabolische Modulation$$y2026 - 000257414 371__ $$aDr. Adam Wahida 000257414 450__ $$aDFG project G:(GEPRIS)585726918$$wd$$y2026 - 000257414 5101_ $$0I:(DE-588b)2007744-0$$aDeutsche Forschungsgemeinschaft$$bDFG 000257414 680__ $$a 000257414 909CO $$ooai:juser.fz-juelich.de:1056494$$pauthority:GRANT$$pauthority 000257414 909CO $$ooai:juser.fz-juelich.de:1056494 000257414 980__ $$aG 000257414 980__ $$aAUTHORITY
